Implementation of Reading and Numeracy Skills Intervention Program for Generation Alpha: Basis for Learning Skills Development (Record no. 85958)

MARC details
000 -LEADER
fixed length control field 00891nam a22002537a 4500
005 - DATE AND TIME OF LATEST TRANSACTION
control field 20250908171432.0
008 - FIXED-LENGTH DATA ELEMENTS--GENERAL INFORMATION
fixed length control field 250908b ||||| |||| 00| 0 eng d
043 ## - GEOGRAPHIC AREA CODE
Geographic area code URS
050 ## - LIBRARY OF CONGRESS CALL NUMBER
Classification number TLB1525
Item number .P112 2024
100 ## - MAIN ENTRY--PERSONAL NAME
Personal name Pablo, Darwin M.
245 ## - TITLE STATEMENT
Title Implementation of Reading and Numeracy Skills Intervention Program for Generation Alpha: Basis for Learning Skills Development
260 ## - PUBLICATION, DISTRIBUTION, ETC.
Date of publication, distribution, etc. December 2024
300 ## - PHYSICAL DESCRIPTION
Extent 152 leaves :
Other physical details illustrations ;
Dimensions 28 cm.
336 ## - CONTENT TYPE
Source rdacontent
Content type term text
337 ## - MEDIA TYPE
Source rdamedia
Media type term unmediated
338 ## - CARRIER TYPE
Source rdacarrier
Carrier type term volume
502 ## - DISSERTATION NOTE
Dissertation note Dissertation
Degree type Doctor of Education Major in Educational Management
Name of granting institution University of Rizal System-Morong
Year degree granted 2024
650 #0 - SUBJECT ADDED ENTRY--TOPICAL TERM
Topical term or geographic name entry element Reading.
650 #0 - SUBJECT ADDED ENTRY--TOPICAL TERM
Topical term or geographic name entry element Reading--Study and teaching.
650 #0 - SUBJECT ADDED ENTRY--TOPICAL TERM
Topical term or geographic name entry element Numeracy skills
650 #0 - SUBJECT ADDED ENTRY--TOPICAL TERM
Topical term or geographic name entry element Learning skills
700 ## - ADDED ENTRY--PERSONAL NAME
Personal name Portillo, Rosa F.
Relator term degree supervisor
942 ## - ADDED ENTRY ELEMENTS (KOHA)
Source of classification or shelving scheme Library of Congress Classification
Koha item type Theses and dissertations
Holdings
Withdrawn status Source of classification or shelving scheme Damaged status Not for loan Collection code Home library Current library Date acquired Total Checkouts Full call number Barcode Date last seen Price effective from Koha item type
  Library of Congress Classification     Reference Morong College Library Morong College Library 09/08/2025   TLB1525 .P112 2024 URSMOR-GL-00867 09/08/2025 09/08/2025 Theses and dissertations

University of Rizal System
Email us at univlibservices@urs.edu.ph

Visit our Website www.urs.edu.ph/library